000 00247nam a2200097Ia 4500
001 1091154
005 20250827002853.0
008 250824s9999 xx 000 0 und d
245 0 _aBÜTÜN ÖYKÜLERİ
_cSAMED BEHRENGİ
260 _bPANAMA YAYINLARI
999 _c1091154
_d1091154